000
00268nam a2200097Ia 4500
001
760625
005
20250826165152.0
008
250824s9999 xx 000 0 und d
245
0
_a
MONTESSORİ YÖNTEMİYLE ÇOCUK EĞİTİMİ
_c
ERİMAN TOPBAŞ
260
_b
PANAMA YAYINLARI
999
_c
760625
_d
760625